ARCHITECTURE AND ATTITUDE - A CONTEMPORARY INDIAN PERSPECTIVE (Record no. 4340)
[ view plain ]
| 000 -LEADER | |
|---|---|
| fixed length control field | 00310nam a2200109Ia 4500 |
| 008 - FIXED-LENGTH DATA ELEMENTS--GENERAL INFORMATION | |
| fixed length control field | 200302s9999 xx 000 0 und d |
| 100 ## - MAIN ENTRY--PERSONAL NAME | |
| Personal name | Studio Archohm |
| 245 ## - TITLE STATEMENT | |
| Title | ARCHITECTURE AND ATTITUDE - A CONTEMPORARY INDIAN PERSPECTIVE |
| 260 ## - PUBLICATION, DISTRIBUTION, ETC. | |
| Name of publisher, distributor, etc. | Rupa Publications India Pvt.Ltd |
| 260 ## - PUBLICATION, DISTRIBUTION, ETC. | |
| Date of publication, distribution, etc. | 2015 |
| 300 ## - PHYSICAL DESCRIPTION | |
| Extent | 196 P., |
| Withdrawn status | Lost status | Damaged status | Not for loan | Permanent Location | Current Location | Date acquired | Cost, normal purchase price | Full call number | Barcode | Date last seen | Price effective from | Koha item type |
|---|---|---|---|---|---|---|---|---|---|---|---|---|
| BMS College of Architecture, Design and Planning | BMS College of Architecture, Design and Planning | 2020-03-03 | 2795.00 | 729 | CL-UG69331 | 2020-03-03 | 2020-03-03 | UG Books from CL |